| 000 | 00429nam a22001457a 4500 | ||
|---|---|---|---|
| 003 | SGT | ||
| 082 |
_a617.84 _bI24S |
||
| 100 | _aSURI, DEEPANSHU | ||
| 245 | _aINFLUENCE OF PARCOURS TRAINING AND CIRCUIT RESISTANCE TRAINING ON MOTOR ABILITY AND SKILL PERFORMANCE VARIABLES AMONG ADOLESCENT HOCKEY PLAYERS | ||
| 260 |
_aGURUGRAM _bSGT UNIVERSITY _c2024 |
||
| 300 | _a107 | ||
| 650 | _aSPORTS | ||
| 653 | _aMPT | ||
| 942 |
_2ddc _cTH |
||
| 999 |
_c32206 _d32206 |
||